Rae Sremmurd Charting Songs (Billboard Hot 100) - Statistics

General Stats
  • This quiz has been taken 46 times
  • The average score is 8 of 14
Answer Stats
Album Weeks On Peak Artist(s) Song % Correct
SremmLife 2 27 Weeks #1 (7 Weeks) Rae Sremmurd ft. Gucci Mane Black Beatles
97%
SremmLife 26 Weeks #16 Rae Sremmurd No Type
79%
SremmLife 2 (Deluxe Edition) 26 Weeks #26 Rae Sremmurd Swang
72%
SremmLife 19 Weeks #56 Rae Sremmurd Come Get Her
69%
SremmLife 20 Weeks #36 Rae Sremmurd No Flex Zone
59%
SremmLife 20 Weeks #30 Rae Sremmurd ft. Nicki Minaj & Young Thug Throw Sum Mo
59%
SR3MM 17 Weeks #28 Rae Sremmurd & Juicy J Powerglide
52%
SremmLife 20 Weeks #49 Rae Sremmurd This Could Be Us
48%
Trip 16 Weeks #74 Jhene Aiko ft. Swae Lee or Rae Sremmurd Sativa
45%
Free TC 18 Weeks #63 Ty Dolla $ign ft. Future & Rae Sremmurd Blase
41%
SR3MM 1 Week #98 Rae Sremmurd ft. Travi$ Scott Close
41%
SremmLife 2 6 Weeks #72 Rae Sremmurd Look Alive
38%
SR3MM 3 Weeks #84 Rae Sremmurd Perplexing Pegasus
38%
Non-Album Single 1 Week #83 Wiz Khalifa ft. Rae Sremmurd Burn Slow
21%
No matching quizzes found
Score Distribution
Percent of People with Each Score
Percentile by Number Answered
Your Score History
You have not taken this quiz